000 00583nam a2200193Ia 4500
003 OSt
005 20250110113627.0
008 210210b2001 xxu||||| |||| 00| 0 eng d
040 _cAL
041 _akan
082 _aK894.301 SUMD
100 _aSUMUKHANANDA JALAVALLI
_9167114
_dಸುಮುಖಾನಂದ ಜಲವಳ್ಳಿ
245 _aDevara hannu: kata sankalana:
_bದೇವರ ಹಣ್ಣು: ಕಥಾ ಸಂಕಲನ
260 _aKinnigpli
_bSumukha Prakashana
_c2001
300 _a96
690 _aKannada Fiction
_9167115
906 _a060784
942 _2ddc
_cBK
999 _c107554
_d107554